Innovation with IT 4.0 (Record no. 11329)

MARC details
000 -LEADER
fixed length control field 00321nam a22001457a 4500
003 - CONTROL NUMBER IDENTIFIER
control field OSt
020 ## - INTERNATIONAL STANDARD BOOK NUMBER
International Standard Book Number 9390455308
082 ## - DEWEY DECIMAL CLASSIFICATION NUMBER
Classification number 338.064 DUI
100 ## - MAIN ENTRY--PERSONAL NAME
Personal name DUBEY, Sanjiva Shankar
245 ## - TITLE STATEMENT
Title Innovation with IT 4.0
250 ## - EDITION STATEMENT
Edition statement 2nd
260 ## - PUBLICATION, DISTRIBUTION, ETC. (IMPRINT)
Place of publication, distribution, etc New Delhi
Name of publisher, distributor, etc Wiley India Pvt Ltd
Date of publication, distribution, etc 2022
300 ## - PHYSICAL DESCRIPTION
Extent 240
942 ## - ADDED ENTRY ELEMENTS (KOHA)
Source of classification or shelving scheme Dewey Decimal Classification
Koha item type Text Books
Holdings
Withdrawn status Lost status Source of classification or shelving scheme Damaged status Not for loan Collection code Home library Current library Date acquired Source of acquisition Currency Cost, normal purchase price Bill Number Total Checkouts Full call number Acc. no. / Barcode Date last seen Actual Cost, discounted price Bill Date Koha item type
    Dewey Decimal Classification     B.Tech(CSE) PIET C-LIBRARY PIET C-LIBRARY 28/05/2022 Mackhingee Publisher Indian Rup 395.00 CM36   338.064 DUI 33682 13/06/2022 272.55 28/05/2022 Text Books

Design & Developed by: PIET Central Library
R70 Miles Stone Pattikalyana Samalkha Panipat 132102
mail ID :- [email protected], Phone No:- 0180-2569700 Ex.216